00729nam a2200193Ia 4500008004100000020001800041082001800059100003900077245009200116250000800208260007000216300002600286500001900312600002700331650001500358942000700373952013800380999001700518240925s9999 xx 000 0 und d a9780071321174 a621.38223 CAR aCarlson, A. Bruce; Crilly, Paul B. 0aCommunication Systems: An introduction to signals and noise in electrical communication a5th aNew Delhi:bMcGraw Hill Education (India) Private Limitedc,2013. a1043p.bN.AfOriginal aIncludes Index aElectrical Engineering aTechnology cBK 001040708ELaUITUbUITUd2018-01-24eParamount Book Pvt Ltdg749.00l0o621.38223 CARpQ11495r2024-09-25 07:16:05w2024-09-25yBK c13994d13994